| 000 | 00731cam a22002533a 4500 | ||
|---|---|---|---|
| 001 | 3479 | ||
| 003 | PGUSA | ||
| 005 | 20140828083033.0 | ||
| 008 | 021001s2002||||xxu|||||s|||||000 1 eng d | ||
| 040 |
_aPGUSA _beng |
||
| 042 | _adc | ||
| 050 | 4 | _aPS | |
| 100 | 1 |
_aMerritt, Abraham, _d1884-1943 |
|
| 245 | 1 | 4 |
_aThe Metal Monster _h[electronic resource] / _cAbraham Merritt |
| 260 |
_bProject Gutenberg, _c2002 |
||
| 506 | _aPublic domain in the USA. | ||
| 516 | _aElectronic text | ||
| 653 | _aTibet Autonomous Region (China) -- Fiction | ||
| 653 | _aAdventure and adventurers -- Fiction | ||
| 653 | _aScience fiction | ||
| 830 | 0 |
_aProject Gutenberg _v3479 |
|
| 856 | 4 | 0 | _uhttp://www.gutenberg.org/ebooks/3479 |
| 942 | _cEB | ||
| 999 |
_c232808 _d232808 |
||